ბათუმის შოთა რუსთაველის სახელმწიფო უნივერსიტეტის ბიბლიოთეკა

Гражданское процессуальное право. Учебное пособие. (ბიბ.ჩანაწერი № 35977)

000 -LEADER
fixed length control field 00731nam a2200229Ia 4500
001 - CONTROL NUMBER
control field 1876
003 - CONTROL NUMBER IDENTIFIER
control field GE_BSU
008 - FIXED-LENGTH DATA ELEMENTS--GENERAL INFORMATION
fixed length control field 181216s||||||||xx |||||||||||||| ||und||
020 ## - INTERNATIONAL STANDARD BOOK NUMBER
International Standard Book Number 9785482016329
040 ## - CATALOGING SOURCE
Transcribing agency GE_BSU
080 ## - UNIVERSAL DECIMAL CLASSIFICATION NUMBER
Universal Decimal Classification number 347.9(479(075.8)
100 ## - MAIN ENTRY--PERSONAL NAME
Personal name Туманова,И.В;Владтмирова,С.А; Владимирва,С.А;
245 ## - TITLE STATEMENT
Title Гражданское процессуальное право. Учебное пособие.
245 ## - TITLE STATEMENT
Remainder of title Под. ред.Л.В.Тумановой
260 ## - PUBLICATION, DISTRIBUTION, ETC.
Place of publication, distribution, etc. Москва
260 ## - PUBLICATION, DISTRIBUTION, ETC.
Name of publisher, distributor, etc. Проспект
260 ## - PUBLICATION, DISTRIBUTION, ETC.
Date of publication, distribution, etc. 2008
300 ## - PHYSICAL DESCRIPTION
Extent 304 с. 21 см.
653 ## - INDEX TERM--UNCONTROLLED
Uncontrolled term Гражданское процессуальное право
942 ## - ADDED ENTRY ELEMENTS (KOHA)
Koha item type წიგნი
ეგზემპლარები
Withdrawn status Lost status Damaged status Not for loan Date acquired Barcode Date last seen Price effective from Koha item type
        2018-12-17 3772 2018-12-17 2018-12-17 წიგნი